Normal view
MARC view
- Fujisaki, Kahori.
Entry Personal Name
001 - CONTROL NUMBER
- control field: 59188
003 - CONTROL NUMBER IDENTIFIER
- control field: OSt
005 - DATE AND TIME OF LATEST TRANSACTION
- control field: 20240828085726.0
008 - FIXED-LENGTH DATA ELEMENTS
- fixed length control field: 240828|| aca||aabn | a|a d
040 ## - CATALOGING SOURCE
- Original cataloging agency: OSt
- Transcribing agency: OSt
100 ## - HEADING--PERSONAL NAME
- Personal name: Fujisaki, Kahori.
- Relator term: author.
670 ## - SOURCE DATA FOUND
- Source citation: Work cat.: (OSt): Fujisaki, Kahori. author., Factors related to food safety culture among school food handlers in Tokyo, Japan :, December 2019.
